01668nab a22002537a 4500999001500000003000400015005001700019008004100036040000700077100003500084245018400119260007300303300001300376500007300389505056700462505008901029650003501118650003201153650003101185650001901216650002601235773014001261942001301401 c6326d6326OSt20260130203711.0190603e xxum|||| |||| 00| 0 spa d cPJ 96998aGarcía, Carlos Adolfo 10aBreves consideraciones acerca de la figura del organizador de espectáculo deportivo en el derecho argentino y disposiciones en el ámbito federativo /cCarlos Adolfo García.  cCiudad Autónoma de Buenos Aires :aThomson Reuters La Ley, b2025. ap. 11-19 aCita: TR LALEY AR/DOC/2276/2025 Publicado en: RCCyC 2025 (Octubre). aSumario: I. Palabras iniciales.— II. La responsabilidad civil deportiva en el Cód. Civ. y Com.— III. El término "organizador" en los eventos y/o espectáculos deportivos en el marco del ordenamiento jurídico argentino.— IV. La responsabilidad del organizador conforme a la ley nacional 24.192 con especial atención al rol de las asociaciones de clubes y ligas locales y/o regionales.— V. La responsabilidad de los clubes y las federaciones miembro en la organización de eventos deportivos en el ámbito del fútbol.— VI. Palabras finales.  t¿Te interesa el texto completo? Solicitalo al correo: koha@justierradelfuego.gov.ar 091497aCODIGO CIVIL Y COMERCIAL 091467aRESPONSABILIDAD CIVIL 092823aDAÑOS Y PERJUICIOS 093725aDEPORTES 0aESPECTACULO DEPORTIVO0 0271393170dCiudad Autónoma de Buenos Aires : Thomson Reuters La Ley, 2015-tRevista Código Civil y Comercial. Nº 5 - Octubre 2025 2udccANA